banner koha

Weed interference in okra crop in the organic system during the dry season (Registro n. 9599)

MARC details
000 -LÍDER
fixed length control field 03315nab a2200301 i 4500
003 - CÓDIGO MARC DA AGÊNCIA CATALOGADORA
Campo de controle BR-BrBNA
005 - DATA E HORA DA ÚLTIMA ATUALIZAÇÃO
Campo de controle 20230926094447.0
008 - CAMPO DE TAMANHO FIXO
fixed length control field 230711b2020 bl.ar|pooa||| 00| 0 eng |
040 ## - FONTE DA CATALOGAÇÃO
Agência catalogadora BR-BrBNA
Idioma da catalogação eng
072 ## - CATEGORIA AGRIS
Código AGRIS H60
Código do objeto 1840
100 ## - ENTRADA PRINCIPAL - NOME PESSOAL
Nome pessoal Santos, R.N.V.
100 ## - ENTRADA PRINCIPAL - NOME PESSOAL
Nome pessoal Pires, T.P.
100 ## - ENTRADA PRINCIPAL - NOME PESSOAL
Nome pessoal Mesquita, M.L.R.
100 ## - ENTRADA PRINCIPAL - NOME PESSOAL
Nome pessoal Correa, M.J.P.
100 ## - ENTRADA PRINCIPAL - NOME PESSOAL
Nome pessoal Silva, M.R.M.
245 ## - TÍTULO PRINCIPAL
Título principal Weed interference in okra crop in the organic system during the dry season
500 ## - NOTA GERAL
Nota geral Publicação on-line; 26 ref.; 2 tables; 5 illus.; Summaries (En, Pt)
942 ## - ADDED ENTRY ELEMENTS (KOHA)
Koha item type
520 ## - NOTA DE RESUMO
Nota de conteúdo <br/><br/>ABSTRACT - In organic systems during the dry season, competition of weeds with<br/>okra increases the critical period of interference of these species and yield losses.<br/>The objective of this research was to determine the critical period of weed interference<br/>in organic okra during the dry season in São Luís - MA. The experiment was conducted<br/>from October/2014 to January/2015 in randomized blocks, with four replicates. The<br/>treatments were the periods of 07, 14, 21, 28, 35, 42 days after the transplanting of the<br/>crop with control and coexistence of the infesting community. The species with the<br/>highest importance value index were Cynodon dactylon, Eleusine indica, Amaranthus<br/>spinosus and Commelina benghalensis. The CPWI was 04 to 53 days after<br/>transplanting and yield losses were 69.5%. The organic okra cropping system during<br/>the season dry should be free of weeds until the beginning of the harvest to avoid<br/>high yield loss.<br/><br/>Keywords: Abelmoschus esculentus (L.) Moench., competition, water deficit, weed<br/>community.<br/>
520 ## - NOTA DE RESUMO
Nota de conteúdo <br/><br/>RESUMO - Em sistema orgânico durante a estação “seca”, a competição das<br/>plantas daninhas com a cultura do quiabo aumenta o período crítico de<br/>interferência dessas espécies e as perdas de rendimento. Assim, objetivou-se neste<br/>trabalho determinar o período crítico de interferência das plantas daninhas no<br/>cultivo de quiabo orgânico durante a estação “seca”, em São Luís - MA. O<br/>experimento foi conduzido de outubro/2014 a janeiro/2015 em blocos ao acaso<br/>com quatro repetições. Os tratamentos foram os períodos de 7, 14, 21, 28, 35,<br/>42 dias após o transplantio da cultura com controle e convivência da comunidade<br/>infestante. As espécies com maior índice de valor de importância foram Cynodon<br/>dactylon, Eleusine indica, Amaranthus spinosus e Commelina benghalensis. O<br/>PCPI foi de 4 a 53 dias após o transplantio, e as perdas de rendimentos foram de<br/>69,5%. A cultura do quiabo em sistema orgânico durante a estação “seca” deve<br/>ser livre de plantas daninhas até o início da colheita, a fim de evitar elevadas<br/>perdas de rendimento.<br/><br/>Palavras-chave: Abelmoschus esculentus (L.) Moench., competição, déficit hídrico,<br/>comunidade infestante.
650 ## - ASSUNTO - THESAGRO
Cabeçalho tópico ou nome geográfico ABELMOSCHUS ESCULENTUS
650 ## - ASSUNTO - THESAGRO
Cabeçalho tópico ou nome geográfico QUIABO
650 ## - ASSUNTO - THESAGRO
Cabeçalho tópico ou nome geográfico ERVA DANINHA
650 ## - ASSUNTO - THESAGRO
Cabeçalho tópico ou nome geográfico DEFICIÊNCIA HÍDRICA
773 0# - ENTRADA ANALÍTICA
Host Biblionumber 886
Registro do item 1817
Imprenta Londrina-PR : Sociedade Brasileira da Ciência das Plantas Daninhas, 1978
Outro identificador 2023-031024
Título Planta Daninha (Brazil)
ISSN 0100-8358; 1806-9681 (on-line)
Colação v. 38 p. 1-10; (2020)
Número de controle de registro BR2023000789
856 ## - ACESSO E ENDEREÇO ELETRÔNICO
Identificador uniforme de recurso - URI https://www.scielo.br/j/pd/a/ZCXtbs6BVhGP8yfmcCQ9j8D/?format=pdf&lang=en

Nenhum exemplar disponível.

BINAGRI

Telefone: (61)3218-2567/2388/3357/2097 - binagri@agro.gov.br

Ministério da Agricultura e Pecuária , Esplanada dos Ministérios, Bloco D, Anexo B, Brasília/DF, CEP: 70.043-900